BIODIESEL fuels based on edible and nonedible feedstocks, wastes and algae ;science, technology, health and environment

Salvato in:
Dettagli Bibliografici
Natura: Libro
Lingua:inglese
Pubblicazione: CRC Press 2021
Tags: Aggiungi Tag
Nessun Tag, puoi essere il primo ad aggiungerne!!

MARC

LEADER 00000nam a22000007a 4500
008 240827b |||||||| |||| 00| 0 eng d
020 |a 9780367456153 
245 |a BIODIESEL fuels based on edible and nonedible feedstocks, wastes and algae  |b ;science, technology, health and environment  |c /edited by Konur  |g xvi, 833p;ill 
250 |c Konur, fuels 
260 |b CRC Press  |c 2021  |h Boca Raton, FL  |i 702499  |l TP343.B52  |m Diesel fuels 
500 |a it includes references and index 
942 |a lcc  |c BK  |e Johnson  |f 28/07/24 
952 |0 0  |1 0  |2 lcc  |4 0  |6 TP0343 B52  |7 0  |9 5524  |a HOL  |b HOL  |c QZ  |d 2024-08-27  |l 0  |o TP343.B52  |p 2024-0764  |r 2024-08-27 00:00:00  |t 702499  |w 2024-08-27  |y BK 
999 |c 2727  |d 2727